| 000 | 00805nam a2200229 a 4500 | ||
|---|---|---|---|
| 001 | 000043176 | ||
| 005 | 20201002040709.0 | ||
| 008 | 140221s1973 sp 000 0 spa d | ||
| 020 | _a8429709320 | ||
| 040 |
_aDO-SdBNP _bspa _cBNPHU |
||
| 041 | 1 | 7 |
_aspa _hale |
| 082 |
_axxx _bxxx |
||
| 100 | 1 |
_aBrecht, Bertolt, _d1898-1956. _940298 |
|
| 240 | 1 | 0 |
_aSchriften zur Politik und Gesellschaft. _lEspañol |
| 245 | 1 | 3 |
_aEl compromiso en literatura y arte / _cBertolt Brecht ; edición preparada por Werner Hecht ; traducción de J. Fontcuberta. |
| 260 |
_aBarcelona : _bPenínsula, _c1973. |
||
| 300 |
_a448 p. ; _c20 cm. |
||
| 490 | 1 |
_aHistoria, ciencia, sociedad _v102 |
|
| 700 | 1 | 2 |
_aHecht, Werner _eed. _970763 |
| 700 | 1 | 2 |
_aFontcuberta, J. _etr. _970764 |
| 830 | 0 |
_aHistoria. ciencia. sociedad ; _n102 _970765 |
|
| 999 |
_c42665 _d42665 |
||